| 000 | 01380nam a22002537a 4500 | ||
|---|---|---|---|
| 999 |
_c22202 _d22202 |
||
| 003 | AR-CdUCM | ||
| 008 | 190425b ||||| |||| 00| 0 spa d | ||
| 040 |
_aMUNICIPALIDAD PROVINCIAL DEL CUSCO _cBIBLIOTECA MUNICIPAL DEL CUSCO |
||
| 082 | _aBurrito/N°57/2013 | ||
| 245 |
_aEl burrito cienciano : _bpublicación a nivel nacional / _cHugo Chacón Núñez, Director y fundador |
||
| 260 |
_aCusco. _aLima. _bESCOMES, _c2013. |
||
| 300 |
_a38 páginas. : _bilustraciones ; _c29 cm. |
||
| 440 |
_aEl Burrito Cienciano. _nN°57, setiembre-octubre 2013. _947636 |
||
| 505 | _aContenido: La recuperación de los inmuebles del colegio Ciencias. -- Homenaje a los ilustres ciencianos. -- Reseña bibliográfica de don Alfredo Díaz Quintanilla. -- Ilustre cienciano Luis Ángel Aragón Lobatón. -- Elegía y ficción de Mario Vargas Llosa. -- Oswaldo Núñez Pinto. -- Arguedas el Cusco y los cusqueños. -- Origen de los nombres de las calles del Cusco. -- En el día del periodista. -- José Carlos Mariátegui. -- Semblanza del señor Oswaldo Nuñez Pinto. | ||
| 650 |
_aSociedad cusqueña _947493 |
||
| 650 |
_aColegios del Cusco _924467 |
||
| 650 |
_aColegio Ciencias _947633 |
||
| 650 |
_aSiglo XX _947561 |
||
| 700 |
_aMarín, Lida _947628 |
||
| 700 |
_aMoscoso Salazar, Nicanor _947634 |
||
| 700 |
_aSánchez Hinojosa, Alberto _947635 |
||
| 942 |
_2ddc _cPP |
||
| 945 | _arac | ||